000 00811nam a2200253Ia 4500
001 Z_5393
003 CHAP
008 220113s1988 xx 000 0 und d
010 _a168463
040 _cCHAP
082 _a636.08 A7s 1988
111 _aAsociación Latinoamericana de Producción Animal. Reunión (23 : 1988 : México, D.F.)
_9139859
245 _aNormas de evaluación genética de bovinos de carne, leche y doble propópsito en el trópico latinoamericano /
_cpor ALPA
260 _aMéxico, D. F. :
_bAsociación Latinoamericana de Producción Animal,
_c1988
300 _a86 p.
650 _aGanadería
_xCongresos
_944677
650 _aGanado
_xProducción
_xCongresos
_944947
901 _a636.08 A7S 1988
902 _aM
910 _a1988
942 _c1
942 _cc1
999 _c168463
_d168463